Felita / (Record no. 2146)

MARC details
000 -LEADER
fixed length control field 00867cam a2200277 i 4500
005 - DATE AND TIME OF LATEST TRANSACTION
control field 20231108073737.0
020 ## - INTERNATIONAL STANDARD BOOK NUMBER
International Standard Book Number 0803731434
Terms of availability $6.95
020 ## - INTERNATIONAL STANDARD BOOK NUMBER
International Standard Book Number 0803731442
Terms of availability $6.46
020 ## - INTERNATIONAL STANDARD BOOK NUMBER
International Standard Book Number 9780141306438
040 ## - CATALOGING SOURCE
Original cataloging agency DLC
Transcribing agency DLC
Modifying agency DLC
Language of cataloging eng
050 00 - LIBRARY OF CONGRESS CALL NUMBER
Classification number PZ7.M7276
Item number Fe
082 00 - DEWEY DECIMAL CLASSIFICATION NUMBER
Classification number 303
100 1# - MAIN ENTRY--PERSONAL NAME
Personal name Mohr, Nicholasa
245 10 - TITLE STATEMENT
Title Felita /
Statement of responsibility, etc. by Nicholasa Mohr ; pictures by Ray Cruz.
260 ## - PUBLICATION, DISTRIBUTION, ETC.
Place of publication, distribution, etc. New York :
Name of publisher, distributor, etc. Puffin Books,
Date of publication, distribution, etc. 1979
300 ## - PHYSICAL DESCRIPTION
Extent 112 pages :
Other physical details illustrations
Dimensions 22 cm
505 ## - FORMATTED CONTENTS NOTE
Formatted contents note K
520 ## - SUMMARY, ETC.
Summary, etc. The everyday experiences of an eight-year-old Puerto Rican girl growing up in a close-knit, urban community.
521 ## - TARGET AUDIENCE NOTE
Target audience note 580
Source Lexile
521 ## - TARGET AUDIENCE NOTE
Target audience note K
Source Raz-Plus
650 #1 - SUBJECT ADDED ENTRY--TOPICAL TERM
Topical term or geographic name entry element City and town life
General subdivision Fiction.
650 #1 - SUBJECT ADDED ENTRY--TOPICAL TERM
Topical term or geographic name entry element Puerto Ricans
Geographic subdivision United States
General subdivision Fiction.
906 ## - LOCAL DATA ELEMENT F, LDF (RLIN)
a 7
b cbc
c orignew
d 1
e ocip
f 19
g y-gencatlg
942 ## - ADDED ENTRY ELEMENTS (KOHA)
Source of classification or shelving scheme Dewey Decimal Classification
Koha item type Books
Suppress in OPAC No
999 ## -
-- 2146
-- 2146
Holdings
Withdrawn status Lost status Source of classification or shelving scheme Damaged status Not for loan Collection Home library Current library Shelving location Date acquired Total Checkouts Full call number Barcode Date last seen Price effective from Koha item type
    Dewey Decimal Classification     Juvenile Fiction Footprints International School Library Network Toul Kork Campus Footprints International School Library Network Toul Kork Campus TK Primary Library Room(4th Floor), Bookcase 3&4, Shelves 17-32, Yellow Books 11/07/2023   MOH 303 PZ7.M7276 FISTK00329 11/07/2023 11/07/2023 Books